00609cam a22002057i 45000010009000000050017000090080041000260200029000670200015000960400013001110820017001242450065001412600050002063000042002566500031002987000021003297000018003507000018003687000017003861829715220190207092951.0140910s2014 enka b 001 0 eng d a9781107016163 (hardback) a1107016169 cPK-LaUMT a004.66bFOU-00aFoundations of data exchange /cMarcelo Arenas . . .[et al.] aNew York :bCambridge University Press,c2014 axii, 331 p. :billustrations ;c26 cm 0aData transmission systems.1 aArenas, Marcelo,1 aPablo Barcelo1 aLeonid Libkin1 aFilip Murlak